| 000 | 00632nam a2200193 a 4500 | ||
|---|---|---|---|
| 001 | 000029979 | ||
| 005 | 20200930055945.0 | ||
| 008 | 110428s1993 dr 000 0 spa d | ||
| 040 |
_aDO-SdBNP _bspa _cBNPHU |
||
| 082 |
_axxx _bA162c |
||
| 100 | 1 |
_aAbreu Mejía, Rafael _924336 |
|
| 245 | 1 | 0 |
_aCon las manos de mi alma / _cRafael Abreu Mejía. |
| 260 |
_aSanto Domingo : _bRobiou, _c1993. |
||
| 300 |
_a26 p. ; _c23 cm. |
||
| 490 | 1 |
_aCuadernos Populares de Poesia _vno. 1 |
|
| 590 | _aPerteneció a la biblioteca personal de Juan Isidro Jimenes Grullón. | ||
| 830 | 0 |
_aCuadernos Populares de poesia _nno. 1 _956714 |
|
| 049 | _aBNPD | ||
| 999 |
_c29471 _d29471 |
||